00429 2200145 4500001002100000008004100021035002000062245005200082100003400134260003900168300002100207082001100228650003100239990001300270INLIS000000000000342 ind  a0010-0322000342 aMENGUAK KEMUJIZATAN AL QUR AN (BERGAMBAR)cIKHA aUST MUHAMMAD JALALUDDIN AKBAR aSURABAYAbBINTANG USAHA JAYAc2012 a128 hlm.c25 cm. a297.77 aISLAMIC RELIGIUS EDUCATION a102543-1